Report of council, 1910 (Record no. 99787)

MARC details
000 -LEADER
fixed length control field 00763cam a22002055a 4500
001 - CONTROL NUMBER
control field ##J100737
008 - FIXED-LENGTH DATA ELEMENTS--GENERAL INFORMATION
fixed length control field 000000s1910 000 0 eng u
035 ## - SYSTEM CONTROL NUMBER
System control number (Sirsi) u100737
041 0# - LANGUAGE CODE
Language code of text/sound track or separate title eng
050 04 - LIBRARY OF CONGRESS CALL NUMBER
Classification number 693.54 $2 18
100 1# - MAIN ENTRY--PERSONAL NAME
Personal name Addiscott, H. H.
245 00 - TITLE STATEMENT
Title Report of council, 1910
Remainder of title and a paper on method and its value in the practice of quantity surveying
-- with discussion
260 ## - PUBLICATION, DISTRIBUTION, ETC.
Place of publication, distribution, etc. [S.l.]
Name of publisher, distributor, etc. [s.n.]
Date of publication, distribution, etc. 1910
300 ## - PHYSICAL DESCRIPTION
Extent 53p.
Dimensions 21cm.
520 ## - SUMMARY, ETC.
Summary, etc. Summary of the annual general meeting held on 30 May 1910. The paper read before the council reports on the value of various methods in quantity surveying.
651 #4 - SUBJECT ADDED ENTRY--GEOGRAPHIC NAME
Geographic name Great Britain
Chronological subdivision 1707-
690 ## - LOCAL SUBJECT ADDED ENTRY--TOPICAL TERM (OCLC, RLIN)
Topical term or geographic name as entry element Quantity surveying
9 (RLIN) 6263
710 2# - ADDED ENTRY--CORPORATE NAME
Corporate name or jurisdiction name as entry element Quantity Surveyors' Association
9 (RLIN) 3787
942 ## - ADDED ENTRY ELEMENTS (KOHA)
Suppress in OPAC 0
Holdings
Withdrawn status Lost status Source of classification or shelving scheme Damaged status Not for loan Home library Current library Shelving location Date acquired Total Checkouts Full call number Barcode Date last seen Copy number Price effective from Koha item type
    Dewey Decimal Classification     Historic collection Historic collection RICS Boxes 22/10/1999   RICS 1910/4 30059620 06/08/2019 1 06/08/2019 Archive